Proteins eluted from natural rubber crumb (Record no. 66061)

MARC details
000 -LEADER
fixed length control field 00761nam a2200133Ia 4500
100 ## - MAIN ENTRY--AUTHOR NAME
Personal name Kekwick R G O
245 #0 - TITLE STATEMENT
Title Proteins eluted from natural rubber crumb
260 ## - PUBLICATION, DISTRIBUTION, ETC. (IMPRINT)
Name of publisher Journal of Natural Rubber Research
Year of publication 1997
300 ## - PHYSICAL DESCRIPTION
Number of Pages 232-236
520 ## - SUMMARY, ETC.
Summary, etc The protein eluted from vulcanised natural and styrene butadiene rubber crumb samples has been subjected to total amino acid analysis and the total protein estimated. An antiserum raised to the NR crumb eluate reacted with the homologous immunogen and with polypeptides of the C-serum of fresh Hevea latex. The allergenicity of the natural crumb eluate has been compared to that of hevein in skin prick testing.
650 ## - SUBJECT ADDED ENTRY--TOPICAL TERM
Topical Term Natural rubber crumb
942 ## - ADDED ENTRY ELEMENTS (KOHA)
Koha item type Journals
Holdings
Withdrawn status Lost status Damaged status Not for loan Home library Current library Shelving location Date acquired Serial Enumeration / chronology Koha item type
      Journals RRII Library RRII Library Rubber chemistry 17/12/2021 Volume 12, Issue 4 Journals